Statistics for All Planets in Young Jedi Adventures

Click here to take the quiz!

General Stats

  • This quiz has been taken 6 times
  • The average score is 2 of 6

Answer Stats

EpisodeAnswer% Correct
1The Young JediCoruscant
67%
1The Young JediTenoo
67%
4Lys and the Snowy Mountain RescueAndraven
33%
1Yoda's MissionYarrum
33%
6Forest DefendersFederian
17%
5Creature SafariYamradi
17%

Score Distribution

Percentile by Number Answered

Percent of People with Each Score

Your Score History

You have not taken this quiz